00381nam a2200133Ia 4500008004100000041000800041082001500049100002400064245006400088250001500152260004300167300003000210365000700240240624s9999 xx 000 0 und d aeng a153.94 WEI aWEINER GREEN SHARON aBARRON S HOW TO PREPARE FOR THE GRE GRADUATE RECORD EXAMINI a(16th ed.) c2005aNew DelhibGalgotia Publications avi, : 541 : p. : cm. ; 27 cRS